000 00460pab a2200157 454500
008 180718b2013 xxu||||| |||| 00| 0 eng d
100 _aHimanshu and Jeannie
245 _aTrends, challenges and compliance for tourism and hospitality management: a review and perspective for Indian educators in industry
260 _c2013
300 _ap.320-328.
362 _aJan-Mar
650 _aTourism
773 _aProductivity
908 _aN
909 _a100689
999 _c100688
_d100688